[Event "Titled Tuesday intern op 20th May Late"]
[Site "Chess.com INT"]
[Date "2025.05.20"]
[Round "3"]
[White "Manvelyan, Mikayel"]
[Black "Brozynski, Patryk"]
[Result "1-0"]
[WhiteElo "2362"]
[BlackElo "2219"]
[PlyCount "127"]
[EventDate "2025.05.20"]
[EventType "swiss (blitz)"]
[EventRounds "11"]
[EventCountry "USA"]
[SourceTitle "CB22_2025"]
[SourceDate "2025.05.28"]
[SourceVersion "1"]
[SourceVersionDate "2025.05.28"]
[SourceQuality "1"]

1. e4 e6 2. d4 d5 3. Nd2 dxe4 4. Nxe4 Nf6 5. Nxf6+ Qxf6 6. Nf3 h6 7. Be2 Bd6 8. 0-0 b6 9. c4 0-0 10. Be3 Bb7 11. Rc1 Nc6 12. c5 Bf4 13. Qd2 Bxe3 14. fxe3 Rad8 15. Qc3 Ne7 16. cxb6 Nd5 17. Qd2 cxb6 18. e4 Nf4 19. Qe3 Nxe2+ 20. Qxe2 Qf4 21. Rfe1 Rc8 22. Rcd1 Rfd8 23. Rd2 Rc7 24. Qe3 Qxe3+ 25. Rxe3 Rcd7 26. Kf2 f6 27. Re1 Kf7 28. Ke3 Rc8 29. Ree2 Rdc7 30. Rf2 Ke7 31. g4 Rc1 32. h4 Rh1 33. g5 hxg5 34. hxg5 Rh3 35. gxf6+ gxf6 36. Rc2 Rxc2 37. Rxc2 Kd7 38. Kf4 Rh8 39. Rg2 Rh7 40. Rg6 Ke7 41. Rg8 Kd6 42. Rd8+ Ke7 43. Rb8 Kd6 44. b4 a5 45. b5 Rg7 46. a4 Rh7 47. Rf8 Ke7 48. Rg8 Rf7 49. Nh4 e5+ 50. dxe5 fxe5+ 51. Kxe5 Rh7 52. Nf5+ Kd7 53. Rg6 Kc7 54. Nd6 Re7+ 55. Kd4 Rd7 56. e5 Rd8 57. Ke3 Rd7 58. Nc4 Re7 59. Kd4 Rd7+ 60. Kc3 Re7 61. Rf6 Bd5 62. Nxb6 Rxe5 63. Nxd5+ Rxd5 64. Ra6 1-0

[Event "Titled Tuesday intern op 20th May Late"]
[Site "Chess.com INT"]
[Date "2025.05.20"]
[Round "7"]
[White "Manvelyan, Mikayel"]
[Black "Dovgaliuk, Oleksandr"]
[Result "1-0"]
[WhiteElo "2362"]
[BlackElo "2240"]
[PlyCount "53"]
[EventDate "2025.05.20"]
[EventType "swiss (blitz)"]
[EventRounds "11"]
[EventCountry "USA"]
[SourceTitle "CB22_2025"]
[SourceDate "2025.05.28"]
[SourceVersion "1"]
[SourceVersionDate "2025.05.28"]
[SourceQuality "1"]

1. e4 c5 2. Nf3 d6 3. Bb5+ Bd7 4. Bxd7+ Qxd7 5. c4 e5 6. Nc3 Nc6 7. d3 Be7 8. Rb1 Bd8 9. a3 f5 10. b4 b6 11. 0-0 Nf6 12. bxc5 dxc5 13. Bg5 0-0 14. Bxf6 Rxf6 15. exf5 Qxf5 16. Nd5 Rg6 17. Re1 Qh3 18. g3 Bf6 19. Qe2 Rf8 20. Qe4 Rh6 21. Ne3 Nd4 22. Ng4 Rg6 23. Nxd4 exd4 24. Qe6+ Kh8 25. Ne5 Rh6 26. Nf7+ Rxf7 27. Qe8+ 1-0

[Event "Titled Tuesday intern op 20th May Late"]
[Site "Chess.com INT"]
[Date "2025.05.20"]
[Round "1"]
[White "Manvelyan, Mikayel"]
[Black "Van Dael, Siem"]
[Result "1-0"]
[WhiteElo "2362"]
[BlackElo "2258"]
[PlyCount "79"]
[EventDate "2025.05.20"]
[EventType "swiss (blitz)"]
[EventRounds "11"]
[EventCountry "USA"]
[SourceTitle "CB22_2025"]
[SourceDate "2025.05.28"]
[SourceVersion "1"]
[SourceVersionDate "2025.05.28"]
[SourceQuality "1"]

1. e4 e5 2. Nf3 Nc6 3. Bb5 a6 4. Ba4 b5 5. Bb3 d6 6. 0-0 Bg4 7. c3 Qf6 8. Re1 Bxf3 9. Qxf3 Qxf3 10. gxf3 Nge7 11. d3 f5 12. f4 g5 13. fxg5 f4 14. Nd2 Kd7 15. Nf3 h6 16. h4 Na5 17. Bf7 hxg5 18. hxg5 Rh7 19. Bb3 Rg7 20. Kg2 Nxb3 21. axb3 Ng6 22. d4 Be7 23. Rh1 Nf8 24. dxe5 Bxg5 25. exd6 cxd6 26. Nxg5 Rxg5+ 27. Kf3 Ne6 28. Bd2 Nc5 29. b4 Nb3 30. Rad1 Rf8 31. Bxf4 Rg6 32. Ke3 a5 33. Bg3 Rgf6 34. Rh5 Rf3+ 35. Ke2 axb4 36. Rxd6+ Ke7 37. Rh7+ Ke8 38. Re6+ Kd8 39. Rb6 Kc8 40. Rb8# 1-0

[Event "Titled Tuesday intern op 20th May Late"]
[Site "Chess.com INT"]
[Date "2025.05.20"]
[Round "11"]
[White "Petriashvili, Nikoloz"]
[Black "Manvelyan, Mikayel"]
[Result "1-0"]
[WhiteElo "2468"]
[BlackElo "2362"]
[PlyCount "101"]
[EventDate "2025.05.20"]
[EventType "swiss (blitz)"]
[EventRounds "11"]
[EventCountry "USA"]
[SourceTitle "CB22_2025"]
[SourceDate "2025.05.28"]
[SourceVersion "1"]
[SourceVersionDate "2025.05.28"]
[SourceQuality "1"]

1. b3 e5 2. Bb2 Nc6 3. e3 Nge7 4. Nf3 d6 5. d4 exd4 6. Nxd4 Nxd4 7. Qxd4 Nc6 8. Qd2 Bf5 9. Bb5 Qg5 10. Qd5 0-0-0 11. Bxc6 bxc6 12. Qxc6 Qg6 13. Nd2 d5 14. Qxg6 hxg6 15. 0-0-0 f6 16. h3 c5 17. Nf3 g5 18. Rd2 Be7 19. Rhd1 Be6 20. Ba3 Kc7 21. Ne1 Kc6 22. Nd3 a5 23. Nb2 g4 24. hxg4 Bxg4 25. f3 Be6 26. c4 dxc4 27. Rxd8 Rxd8 28. Rxd8 Bxd8 29. Nxc4 a4 30. Kc2 axb3+ 31. axb3 g5 32. Bb2 g4 33. Kd3 gxf3 34. gxf3 f5 35. Bc3 Bd5 36. e4 fxe4+ 37. fxe4 Be6 38. Ne5+ Kb5 39. Nc4 Kc6 40. Bd2 Bf6 41. Be3 Kb5 42. Bd2 Bd4 43. Be1 Kc6 44. Bc3 Bxc3 45. Kxc3 Kb5 46. Nd6+ Kc6 47. Nf5 Kb5 48. Ne3 Kc6 49. Nc4 Kb5 50. Ne5 Kb6 51. Ng6 1-0

[Event "Titled Tuesday intern op 06th May Early"]
[Site "Chess.com INT"]
[Date "2025.05.06"]
[Round "3"]
[White "Manvelyan, Mikayel"]
[Black "De Lima, Adriano Gaspar"]
[Result "1-0"]
[WhiteElo "2362"]
[BlackElo "2118"]
[PlyCount "49"]
[EventDate "2025.05.06"]
[EventType "swiss (blitz)"]
[EventRounds "11"]
[EventCountry "USA"]
[SourceTitle "CB20_2025"]
[SourceDate "2025.05.14"]
[SourceVersion "1"]
[SourceVersionDate "2025.05.14"]
[SourceQuality "1"]

1. e4 c5 2. Nf3 d6 3. Bb5+ Bd7 4. Bxd7+ Qxd7 5. c4 Nf6 6. Nc3 e5 7. d3 Nc6 8. 0-0 g6 9. a3 Bg7 10. Rb1 a5 11. Bg5 0-0 12. Bxf6 Bxf6 13. Nd5 Qd8 14. b4 axb4 15. axb4 b6 16. bxc5 bxc5 17. Rb6 Nd4 18. Nxd4 exd4 19. Qf3 Be5 20. Qh3 f5 21. Rb7 h5 22. Ne7+ Kh8 23. Nxg6+ Kg8 24. Ne7+ Kf7 25. Nc6+ 1-0

[Event "Titled Tuesday intern op 06th May Early"]
[Site "Chess.com INT"]
[Date "2025.05.06"]
[Round "6"]
[White "Weidenhoefer, Max"]
[Black "Manvelyan, Mikayel"]
[Result "0-1"]
[WhiteElo "2171"]
[BlackElo "2362"]
[PlyCount "22"]
[EventDate "2025.05.06"]
[EventType "swiss (blitz)"]
[EventRounds "11"]
[EventCountry "USA"]
[SourceTitle "CB20_2025"]
[SourceDate "2025.05.14"]
[SourceVersion "1"]
[SourceVersionDate "2025.05.14"]
[SourceQuality "1"]

1. e4 e5 2. Nf3 Nc6 3. Bc4 Nf6 4. a4 Nxe4 5. 0-0 d5 6. Re1 Bc5 7. d4 Nxd4 8. Rxe4 dxe4 9. Nxe5 Nf3+ 10. Qxf3 exf3 11. gxf3 Qd1+ 0-1

[Event "Titled Tuesday intern op 01st Apr Early"]
[Site "Chess.com INT"]
[Date "2025.04.01"]
[Round "9"]
[White "Manvelyan, Mikayel"]
[Black "Yoo, Christopher Woojin"]
[Result "0-1"]
[WhiteElo "2176"]
[BlackElo "2588"]
[PlyCount "92"]
[EventDate "2025.04.01"]
[EventType "swiss (blitz)"]
[EventRounds "11"]
[EventCountry "USA"]
[SourceTitle "CB15_2025"]
[SourceDate "2025.04.09"]
[SourceVersion "1"]
[SourceVersionDate "2025.04.09"]
[SourceQuality "1"]

1. e4 c6 2. d4 d5 3. Nc3 dxe4 4. Nxe4 Bf5 5. Ng3 Bg6 6. h4 h6 7. Nf3 Nd7 8. h5 Bh7 9. Bd3 Bxd3 10. Qxd3 e6 11. Bf4 Qa5+ 12. Bd2 Bb4 13. Ne4 Ngf6 14. Nd6+ Ke7 15. Nxb7 Qb6 16. c3 Bxc3 17. bxc3 Qxb7 18. Bc1 Rhc8 19. Ba3+ c5 20. 0-0 Kf8 21. dxc5 Kg8 22. Rab1 Qc7 23. c4 Nxc5 24. Qe3 Nce4 25. Rfc1 Qa5 26. c5 Qa6 27. Ne5 Nd5 28. Qxe4 Qxa3 29. c6 Rc7 30. Qc4 Rac8 31. Rb3 Qd6 32. Qd4 f6 33. Ng6 a5 34. Rc2 Rxc6 35. Rxc6 Rxc6 36. g3 Nb4 37. Qa7 Rc1+ 38. Kh2 Qd8 39. Qb7 Rc2 40. Rf3 Nd5 41. Kg2 Rc7 42. Qb5 Qa8 43. Qb3 a4 44. Qa3 Rc3 45. Rxc3 Ne3+ 46. Kh2 Qg2# 0-1

[Event "Moscow Ivi GP op"]
[Site "Moscow"]
[Date "2025.03.10"]
[Round "5"]
[White "Manvelyan, Mikayel"]
[Black "Zakhartsov, Vladimir"]
[Result "1-0"]
[WhiteElo "2176"]
[BlackElo "2481"]
[PlyCount "139"]
[EventDate "2025.03.08"]
[EventType "swiss"]
[EventRounds "10"]
[EventCountry "RUS"]
[SourceTitle "CB12_2025"]
[SourceDate "2025.03.19"]
[SourceVersion "1"]
[SourceVersionDate "2025.03.19"]
[SourceQuality "1"]

1. e4 e6 2. d4 d5 3. Nd2 c5 4. exd5 exd5 5. Ngf3 Nc6 6. Bb5 Qe7+ 7. Qe2 Qxe2+ 8. Kxe2 Bd6 9. dxc5 Bxc5 10. Nb3 Bb6 11. Re1 Nge7 12. Kf1 0-0 13. Be3 Bxe3 14. Rxe3 Nf5 15. Ree1 Nd6 16. Bxc6 bxc6 17. Ne5 Nc4 18. Nxc6 Nxb2 19. Ne7+ Kh8 20. Nxd5 a5 21. Nb6 Ra6 22. Nxc8 Rxc8 23. Re7 a4 24. Nd4 Kg8 25. Rae1 Kf8 26. Rd7 g6 27. Ree7 Rf6 28. Rc7 Rb8 29. Rb7 Rxb7 30. Rxb7 Nd1 31. f3 Rd6 32. Rb4 Ne3+ 33. Ke2 Nxg2 34. Rxa4 Rd5 35. Kf2 Nf4 36. Ke3 Ng2+ 37. Ke4 Rh5 38. c4 Ke7 39. Ra7+ Kd6 40. Rxf7 Rxh2 41. a4 Rh1 42. a5 Re1+ 43. Kd3 Rd1+ 44. Kc3 Rc1+ 45. Kb4 Ne3 46. Nb5+ Ke6 47. Rc7 Rb1+ 48. Kc5 Ra1 49. Rc6+ Ke5 50. a6 Ra4 51. a7 Nxc4 52. Rc8 Nd2 53. a8Q Rxa8 54. Rxa8 Nxf3 55. Re8+ Kf4 56. Nd4 Nh4 57. Kc4 h5 58. Kd3 g5 59. Re3 g4 60. Ne2+ Kf5 61. Ng3+ Kg5 62. Ke4 Nf3 63. Rd3 h4 64. Rd5+ Kg6 65. Nf5 h3 66. Kf4 h2 67. Rd6+ Kf7 68. Ng3 Ng1 69. Kxg4 Ne2 70. Rh6 1-0

[Event "Moscow Ivi GP op"]
[Site "Moscow"]
[Date "2025.03.08"]
[Round "2"]
[White "Manvelyan, Mikayel"]
[Black "Khubukshanov, Erdem"]
[Result "1-0"]
[WhiteElo "2176"]
[BlackElo "2448"]
[PlyCount "117"]
[EventDate "2025.03.08"]
[EventType "swiss"]
[EventRounds "10"]
[EventCountry "RUS"]
[SourceTitle "CB12_2025"]
[SourceDate "2025.03.19"]
[SourceVersion "1"]
[SourceVersionDate "2025.03.19"]
[SourceQuality "1"]

1. e4 c5 2. Nf3 d6 3. Bb5+ Nd7 4. 0-0 a6 5. Bd3 Ngf6 6. c3 b5 7. Bc2 Bb7 8. Re1 c4 9. b4 g6 10. d4 cxd3 11. Bxd3 Bg7 12. a4 bxa4 13. Qxa4 a5 14. bxa5 0-0 15. Be3 Ng4 16. Bd4 e5 17. Bb5 exd4 18. Bxd7 Nf6 19. Bb5 Nxe4 20. cxd4 Nc5 21. dxc5 Bxa1 22. Qxa1 Rxa5 23. Qb2 Bxf3 24. gxf3 Qg5+ 25. Kh1 Qf5 26. Nc3 Qxc5 27. Bf1 Qd4 28. Nd1 Qf4 29. Ne3 Rfa8 30. Qb7 d5 31. Nxd5 Qd4 32. Ne3 Qd2 33. Re2 Qd6 34. Rc2 Rf8 35. Qc7 Qb4 36. Qc3 Qxc3 37. Rxc3 Rfa8 38. f4 Kg7 39. Kg2 R8a7 40. Rc6 Re7 41. f5 gxf5 42. Bd3 Re6 43. Rc4 f4 44. Rxf4 Rg5+ 45. Kf3 Ra5 46. Nf5+ Kf8 47. Rd4 Ree5 48. Rd8+ Re8 49. Rd7 Raa8 50. Bc4 Ra3+ 51. Kg2 Re5 52. Rxf7+ Ke8 53. Nd6+ Kd8 54. Bb5 Rg5+ 55. Kf1 Ra1+ 56. Ke2 Re5+ 57. Kf3 Ra3+ 58. Kf4 Re7 59. Nb7+ 1-0

[Event "Titled Tuesday intern op 25th Feb Early"]
[Site "Chess.com INT"]
[Date "2025.02.25"]
[Round "7"]
[White "Kuznetsov, Mikhail V"]
[Black "Manvelyan, Mikayel"]
[Result "0-1"]
[WhiteElo "2218"]
[BlackElo "2176"]
[PlyCount "114"]
[EventDate "2025.02.25"]
[EventType "swiss (blitz)"]
[EventRounds "11"]
[EventCountry "USA"]
[SourceTitle "CB10_2025"]
[SourceDate "2025.03.05"]
[SourceVersion "1"]
[SourceVersionDate "2025.03.05"]
[SourceQuality "1"]

1. e4 c5 2. Nf3 Nc6 3. d4 cxd4 4. Nxd4 Nf6 5. Nc3 e5 6. Ndb5 d6 7. Nd5 Nxd5 8. exd5 Nb8 9. a4 Be7 10. Be2 0-0 11. 0-0 f5 12. f4 Nd7 13. Kh1 a6 14. Na3 Bf6 15. Nc4 Qc7 16. Be3 e4 17. Rc1 b5 18. axb5 axb5 19. Na3 b4 20. Nb5 Qb8 21. c3 Ba6 22. Nd4 Bxe2 23. Qxe2 bxc3 24. bxc3 Bxd4 25. Bxd4 Qb3 26. Rfd1 Ra2 27. Qh5 Rf7 28. Rb1 Qc2 29. Qg5 Nf8 30. h4 h6 31. Qg3 Kh7 32. h5 Qe2 33. Qh3 Qg4 34. Qxg4 fxg4 35. g3 Rf5 36. Rb7 Rxh5+ 37. Kg1 Kg6 38. Rxg7+ Kf5 39. Rf7+ Kg6 40. Rxf8 Rhh2 41. Rf6+ Kh5 42. Rxd6 Rag2+ 43. Kf1 Rxg3 44. Ra6 Rh1+ 45. Kf2 Rf3+ 46. Ke2 Rh2+ 47. Ke1 Rh1+ 48. Kd2 Rd3+ 49. Kc2 Rhxd1 50. d6 Rxd4 51. cxd4 Rxd4 52. Kc3 Rd3+ 53. Kc2 g3 54. Ra4 g2 55. Ra1 Kg4 56. Rg1 Kf3 57. f5 Rxd6 0-1

[Event "Titled Tuesday intern op 11th Feb Early"]
[Site "Chess.com INT"]
[Date "2025.02.11"]
[Round "6"]
[White "Manvelyan, Mikayel"]
[Black "Silva, Lucas"]
[Result "1-0"]
[WhiteElo "2306"]
[BlackElo "2248"]
[PlyCount "67"]
[EventDate "2025.02.11"]
[EventType "swiss (blitz)"]
[EventRounds "11"]
[EventCountry "USA"]
[SourceTitle "CB08_2025"]
[SourceDate "2025.02.19"]
[SourceVersion "1"]
[SourceVersionDate "2025.02.19"]
[SourceQuality "1"]

1. e4 c6 2. d4 d5 3. Nc3 dxe4 4. Nxe4 Nf6 5. Nxf6+ exf6 6. c3 Bd6 7. Bd3 0-0 8. Qc2 Re8+ 9. Ne2 h5 10. 0-0 h4 11. h3 Be6 12. Nf4 Nd7 13. Nxe6 Rxe6 14. Bc4 Re7 15. Bd2 Nf8 16. Rfe1 Bc7 17. Qf5 Qd6 18. Rxe7 Qxe7 19. Re1 Qd6 20. f4 Bb6 21. Kh1 c5 22. Qh5 g6 23. Qxh4 cxd4 24. f5 Rc8 25. Bf4 Qc6 26. Bb3 g5 27. Qh5 Qd7 28. Bxg5 fxg5 29. Qxg5+ Kh7 30. Re4 Ng6 31. fxg6+ fxg6 32. Rh4+ Kg7 33. Qe5+ Kf8 34. Rh8# 1-0

[Event "Titled Tuesday intern op 11th Feb Early"]
[Site "Chess.com INT"]
[Date "2025.02.11"]
[Round "9"]
[White "Manvelyan, Mikayel"]
[Black "Vokhidov, Shamsiddin"]
[Result "0-1"]
[WhiteElo "2306"]
[BlackElo "2670"]
[PlyCount "64"]
[EventDate "2025.02.11"]
[EventType "swiss (blitz)"]
[EventRounds "11"]
[EventCountry "USA"]
[SourceTitle "CB09_2025"]
[SourceDate "2025.02.27"]
[SourceVersion "1"]
[SourceVersionDate "2025.02.27"]
[SourceQuality "1"]

1. e4 c5 2. Nf3 e6 3. d4 cxd4 4. Nxd4 Nc6 5. Nc3 Qc7 6. Ndb5 Qb8 7. g3 Nf6 8. Bf4 e5 9. Bg5 a6 10. Bxf6 gxf6 11. Na3 Bxa3 12. bxa3 Ne7 13. Bg2 Qc7 14. Qd3 d6 15. 0-0 Be6 16. Rfd1 Rc8 17. Ne2 0-0 18. Qe3 Kg7 19. f4 Qxc2 20. f5 Bc4 21. Rd2 Qa4 22. g4 Bxe2 23. g5 Kh8 24. gxf6 Nxf5 25. exf5 Bb5 26. Rb1 Rg8 27. Rb4 Qa5 28. Rh4 Rc1+ 29. Kf2 Qc3 30. Qh6 Rxg2+ 31. Kxg2 Bc6+ 32. Kf2 Qf3# 0-1

[Event "Titled Tuesday intern op 04th Feb Early"]
[Site "Chess.com INT"]
[Date "2025.02.04"]
[Round "6"]
[White "Bacrot, Etienne"]
[Black "Manvelyan, Mikayel"]
[Result "1-0"]
[WhiteElo "2640"]
[BlackElo "2306"]
[PlyCount "105"]
[EventDate "2025.02.04"]
[EventType "swiss (blitz)"]
[EventRounds "11"]
[EventCountry "USA"]
[SourceTitle "CB07_2025"]
[SourceDate "2025.02.12"]
[SourceVersion "1"]
[SourceVersionDate "2025.02.12"]
[SourceQuality "1"]

1. e4 e5 2. Nf3 Nc6 3. Bc4 Nf6 4. d3 Bc5 5. 0-0 d6 6. Nc3 h6 7. Be3 Bxe3 8. fxe3 Bg4 9. h3 Bxf3 10. Qxf3 Qe7 11. a4 0-0 12. Qg3 Kh8 13. Rf2 Nh7 14. Raf1 Nd8 15. Qg4 c6 16. Qh5 Kg8 17. Ne2 Qg5 18. Qf3 g6 19. g3 Kg7 20. h4 Qe7 21. Kg2 Ne6 22. Qg4 Rae8 23. Ba2 a6 24. Qh3 b5 25. axb5 axb5 26. g4 Ra8 27. Bb3 Ra7 28. Ng3 Qe8 29. c3 Nc5 30. Bc2 Ra2 31. d4 Ne6 32. Bb3 Ra7 33. Kg1 c5 34. dxe5 c4 35. Bc2 dxe5 36. Nf5+ gxf5 37. exf5 Nc5 38. f6+ Kh8 39. g5 e4 40. Qf5 Nd3 41. Rg2 Rg8 42. Qd5 Ra6 43. g6 Nxf6 44. Qd4 Qe5 45. gxf7 Rxg2+ 46. Kxg2 Kg7 47. Qd8 Kxf7 48. Qc8 Qe6 49. Qb7+ Kg6 50. Bd1 h5 51. Kh2 Ra2 52. Rg1+ Kf5 53. Rg5# 1-0

[Event "Titled Tuesday intern op 04th Feb Early"]
[Site "Chess.com INT"]
[Date "2025.02.04"]
[Round "7"]
[White "Manvelyan, Mikayel"]
[Black "Shukhman, Anna"]
[Result "0-1"]
[WhiteElo "2306"]
[BlackElo "2365"]
[PlyCount "136"]
[EventDate "2025.02.04"]
[EventType "swiss (blitz)"]
[EventRounds "11"]
[EventCountry "USA"]
[SourceTitle "CB07_2025"]
[SourceDate "2025.02.12"]
[SourceVersion "1"]
[SourceVersionDate "2025.02.12"]
[SourceQuality "1"]

1. e4 c5 2. Nf3 d6 3. Bb5+ Nd7 4. 0-0 a6 5. Bd3 Ngf6 6. Re1 b5 7. c3 e6 8. Bc2 Be7 9. d4 Bb7 10. Bf4 Rc8 11. Nbd2 0-0 12. h3 Re8 13. Nf1 cxd4 14. cxd4 e5 15. Bh2 d5 16. Nxe5 Nxe5 17. Bxe5 dxe4 18. Bb3 Bd6 19. Bxd6 Qxd6 20. Ne3 Rcd8 21. Rc1 g6 22. Rc2 Qxd4 23. Rc7 Qxd1 24. Rxd1 Rxd1+ 25. Bxd1 Bd5 26. Nxd5 Nxd5 27. Ra7 Nb4 28. Bb3 Rf8 29. a3 Nd3 30. Rxa6 Nc5 31. Rb6 Nxb3 32. Rxb5 Nd2 33. a4 Ra8 34. a5 Nc4 35. b4 Kf8 36. Rb7 Nd6 37. Rb6 Ke7 38. a6 Kd7 39. b5 f5 40. g3 h6 41. h4 g5 42. Kh2 f4 43. hxg5 hxg5 44. Kg2 Re8 45. gxf4 gxf4 46. Kf1 f3 47. Ke1 e3 48. fxe3 Rxe3+ 49. Kf2 Ra3 50. Rb8 Ne4+ 51. Kg1 Ra1+ 52. Kh2 f2 53. Rf8 f1Q 54. Rxf1 Rxf1 55. a7 Ra1 56. b6 Kc6 57. Kg2 Kxb6 58. Kf3 Nc5 59. Kf4 Rxa7 60. Ke5 Re7+ 61. Kd5 Rd7+ 62. Ke5 Na4 63. Ke6 Kc6 64. Ke5 Re7+ 65. Kf6 Kd6 66. Kf5 Re6 67. Kf4 Re5 68. Kf3 Kd5 0-1

[Event "Titled Tuesday intern op 04th Feb Early"]
[Site "Chess.com INT"]
[Date "2025.02.04"]
[Round "2"]
[White "Manvelyan, Mikayel"]
[Black "Soham, Kamotra"]
[Result "0-1"]
[WhiteElo "2306"]
[BlackElo "2430"]
[PlyCount "126"]
[EventDate "2025.02.04"]
[EventType "swiss (blitz)"]
[EventRounds "11"]
[EventCountry "USA"]
[SourceTitle "CB07_2025"]
[SourceDate "2025.02.12"]
[SourceVersion "1"]
[SourceVersionDate "2025.02.12"]
[SourceQuality "1"]

1. e4 c6 2. d4 d5 3. Nc3 dxe4 4. Nxe4 Bf5 5. Ng3 Bg6 6. h4 h6 7. Nf3 Nd7 8. h5 Bh7 9. Bd3 Bxd3 10. Qxd3 e6 11. Bf4 Qa5+ 12. Bd2 Bb4 13. Ne4 Ngf6 14. Nd6+ Ke7 15. Nxb7 Bxd2+ 16. Nxd2 Qb4 17. Qb3 Qxd4 18. 0-0-0 Rhb8 19. Qa3+ c5 20. Na5 Ne5 21. Ndb3 Qf4+ 22. Kb1 Qb4 23. Qxb4 Rxb4 24. Rhe1 Nfd7 25. Nxc5 Rc8 26. Nxd7 Nxd7 27. Nb3 Nf6 28. Re5 Ng4 29. Ra5 Rc7 30. f3 Ne3 31. Rd2 Rh4 32. Re2 Nc4 33. Rb5 Rh1+ 34. Nc1 Rd7 35. a4 Nd2+ 36. Ka2 Rxc1 37. c3 Nc4 38. Re4 Nd6 39. Reb4 Nxb5 40. Rxb5 Rd2 41. g4 Rxc3 42. Rb7+ Kf6 43. Rxa7 Rxf3 44. a5 Rf4 45. Ka3 Rxg4 46. b4 Rgg2 47. Ka4 Ra2+ 48. Kb3 g6 49. hxg6 fxg6 50. a6 h5 51. b5 h4 52. Rh7 g5 53. Kc4 Rgc2+ 54. Kb4 Kg6 55. Rh8 Rcb2+ 56. Kc5 Kf5 57. Kb6 Rb3 58. Rh7 Rab2 59. a7 Rxb5+ 60. Ka6 R5b3 61. Rf7+ Kg4 62. Rf5 exf5 63. a8N Ra2# 0-1

[Event "Titled Tuesday intern op 28th Jan Early"]
[Site "Chess.com INT"]
[Date "2025.01.28"]
[Round "7"]
[White "Bardyk, Artem"]
[Black "Manvelyan, Mikayel"]
[Result "1-0"]
[WhiteElo "2249"]
[BlackElo "2258"]
[PlyCount "43"]
[EventDate "2025.01.28"]
[EventType "swiss (blitz)"]
[EventRounds "11"]
[EventCountry "USA"]
[SourceTitle "CB06_2025"]
[SourceDate "2025.02.05"]
[SourceVersion "1"]
[SourceVersionDate "2025.02.05"]
[SourceQuality "1"]

1. e4 c5 2. Nf3 Nc6 3. b4 cxb4 4. d4 d5 5. exd5 Qxd5 6. c4 bxc3 7. Nxc3 Qa5 8. d5 Qxc3+ 9. Bd2 Qf6 10. dxc6 bxc6 11. Rc1 e5 12. Bc4 Be6 13. 0-0 Bxc4 14. Rxc4 Qe6 15. Nxe5 Bd6 16. Rxc6 Ne7 17. Rxd6 Qxd6 18. Qa4+ Kf8 19. Bb4 Qxe5 20. Re1 Qf5 21. Rxe7 a5 22. Re8# 1-0